Delito de violación: estudio sexológico, médico legal y jurídico. Legislación comparada.

Saved in:
Bibliografiske detaljer
Hovedforfatter: Achával, Alfredo
Format: Bog
Sprog:spansk
Udgivet: Buenos Aires, Argentina Abeledo-Perrot 1992
Udgivelse:2a. ed
Fag:
Tags: Tilføj Tag
Ingen Tags, Vær først til at tagge denne postø!

MARC

LEADER 00000cam a2200000 a 4500
001 UCC5817
003 CL-VaPUC
005 20220830152957.0
008 181031e19920000ag |||||||||||||||||spa|d
999 |c 372926  |d 372924 
020 |a 950200633X 
040 |c Pontificia Universidad Católica de Valparaíso 
082 0 4 |a 364.1532 ACH 1992  |2 21 
100 0 |a Achával, Alfredo  |9 600202 
245 1 0 |a Delito de violación: estudio sexológico, médico legal y jurídico. Legislación comparada. 
250 |a 2a. ed 
260 0 3 |a Buenos Aires, Argentina  |b Abeledo-Perrot  |c 1992 
300 |a 309 páginas 
583 |a last modification  |c 20181031 17:21:00  |k Rodrigo Vera 
650 0 |a Delito de violación   |9 450959 
650 7 |a DERECHO PENAL  |2 CL-VaPUC  |9 11 
650 7 |a RAPTO  |2 CL-VaPUC  |9 368492 
650 0 |a Abuso sexual  |9 475641 
942 |c BK  |2 ddc 
945 |d 20181031 17:21:00  |a dcastane 
952 |0 0  |1 0  |2 ddc  |3 erb  |4 0  |6 364_153200000000000_ACH_1992  |7 0  |8 A  |9 490810  |a BIBDER  |b BIBDER  |e Mateluna Arestizabal, Alfredo Sergio  |i 5491819  |o 364.1532 ACH 1992  |p 5491819  |r 2023-01-25  |t 1  |w 2019-11-24  |y BK  |z Catalogado en:20181031  |k DER